| 000 | 01084nam a2200277 a 4500 | ||
|---|---|---|---|
| 001 | 40395 | ||
| 003 | BD-RjUL | ||
| 005 | 20211209053214.0 | ||
| 008 | 160430s2014 bg 000 0 eng | ||
| 020 |
_a9843235428 _c: Tk. 1250.00 |
||
| 035 | _a(BD-RjUL)40510 | ||
| 040 |
_aDLC _beng _erda _cDLC _dDLC _dBD-RjUL |
||
| 041 | _aeng | ||
| 082 |
_223 _bLIT 2014 _a820.9 |
||
| 245 | 0 | 0 |
_aLiterature, history and culture : _bwritings in honour of Professor Aali Areefur Rehman / _cedited by Abdullah Al Mamun and Maswood Akhter. |
| 260 |
_aRajshahi : _bUniversity of Rajshahi, _c2014 |
||
| 300 |
_a975 pages ; _c22 cm |
||
| 504 | _aIncludes bibliographical references. | ||
| 600 | 1 | 0 |
_aAreefur Rehman, Aali, _d1950-2013 _xCriticism and interpretation. _9124433 |
| 650 | 0 |
_aEnglish Literature _xHistory and criticism _9124434 |
|
| 700 | 1 |
_aAreefur Rehman, Aali, _d1950-2013, _ehonouree. _9124436 |
|
| 700 | 1 |
_aAla Mamuna, Abadullah, _d1942- _eeditor. _9124437 |
|
| 700 | 1 |
_aAkhter, Maswood, _eeditor. _9124438 |
|
| 710 | 2 |
_aRajshahi University. _bDepartment of English. _9124439 |
|
| 942 |
_2ddc _cBK |
||
| 999 |
_c40395 _d40395 |
||